000
00204 a2200097 4500
001
46624
100
_a
Abdullah, Javed
245
_a
Mauj Sad R
260
_a
Lahore
_b
Ayena Adab
_c
090
_c
29727
_d
29727
942
_a
NUST-CAE
_c
M
_c
21921
999
_c
281697
_d
281697